| 000 | 01273nam a2200277 4500 | ||
|---|---|---|---|
| 003 | EC-QuCCB | ||
| 005 | 20260415141528.0 | ||
| 007 | ta | ||
| 008 | 260414s1996 ec a|||gr|||| 001 0 spa d | ||
| 040 | _aEC-QuCCB | ||
| 041 | _aspa | ||
| 082 | _a305.8 C141 | ||
| 100 | 1 |
_aCalahorrano, Rosa, _944552 |
|
| 245 | 1 |
_aBeber del propio pozo : _bmemoria de cuatro encuentros de espiritualidad india, 1993-1995, Movimiento Guamán Poma _cRosa Calahorrano |
|
| 260 |
_aQuito, Ecuador : _bImprefepp, _c1996 |
||
| 300 |
_a86 páginas : _bilustraciones ; _c22 cm |
||
| 336 |
_atexto _btxt |
||
| 337 |
_ano mediado _bn |
||
| 338 |
_avolumen _bnc |
||
| 505 | _a¿Qué es el Movimiento Guamán Poma? -- ¿Quién era Felipe Guamán Poma? por Enrique Rosner -- Memoria del I Encuentro de Espiritualidad India Pujilí, Ecuador, 1993 -- Memoria del II Encuentro de Espiritualidad India, Riobamba, Ecuador, 1994 -- Memoria del Encuentro de Mujeres Espiritualidad India, Arani, Cochabamba, Bolivia, 1995 -- Memoria del III Encuentro de Espiritualidad India, Bogotá, Colombia, 1995 -- Mitos y ritos -- Medicina natural -- Literatura | ||
| 590 | _abgg | ||
| 650 | 4 |
_aEspiritualidad _912625 |
|
| 650 | 4 |
_aIndígenas _913339 |
|
| 942 |
_2ddc _cBK |
||
| 999 |
_c83855 _d83855 |
||